| 000 | 03489cgm a2200745Ii 4500 | ||
|---|---|---|---|
| 001 | on1184685911 | ||
| 003 | OCoLC | ||
| 005 | 20201014153800.0 | ||
| 007 | vd cvaizq | ||
| 008 | 200819s2020 xxu101 j vleng d | ||
| 040 |
_aTEFMT _beng _erda _cTEFMT _dTEF _dOCLCF _dGL4 _dUINTA |
||
| 024 | 1 | _a031398321545 | |
| 028 | 4 | 2 |
_a58420 _bVertical Entertainment |
| 035 | _a(OCoLC)1184685911 | ||
| 037 |
_bMidwest Tape _nhttp://www.midwesttapes.com |
||
| 041 | 1 |
_aeng _peng _heng |
|
| 050 | 4 |
_aPN1997.2 _b.S95 2020 |
|
| 082 | 0 | 4 |
_a791.43/72 _223 |
| 049 | _aUCLB | ||
| 245 | 0 | 0 |
_aSwitched / _cMustard Seed Entertainment and Vertical Entertainment present ; in association with Weider Entertainment and Rekon Productions ; produced and written by Alexandra Boylan, John K. D., Graham and Andrea Polnaszek ; directed by John K. D. Graham. |
| 264 | 1 |
_a[United States] : _bVertical Entertainment, _c[2020] |
|
| 300 |
_a1 videodisc (101 min.) : _bsound, color ; _c4 3/4 in. |
||
| 336 | _atwo-dimensional moving image | ||
| 337 | _avideo | ||
| 338 | _avideodisc | ||
| 344 |
_adigital _2rdatr |
||
| 344 |
_boptical _2rdarm |
||
| 344 |
_gsurround _2rdacpc |
||
| 344 |
_dolby Digital 5.1 _hDolby Digital 2.0 |
||
| 347 |
_avideo file _2rdaft |
||
| 347 | _bDVD video | ||
| 347 |
_eregion 1 _2rdare |
||
| 380 |
_aMotion pictures _2lcgft |
||
| 538 | _aDVD, wide screen; region 1; Dolby Digital 5.1, Dolby Digital 2.0 | ||
| 546 | _aEnglish dialogue; English subtitles for the deaf and hard of hearing (SDH); closed-captioned. | ||
| 500 | _aTitle from disc surface. | ||
| 511 | 1 | _aDenise Richards, John Schneider, Madeleine Byrne, Vanessa Merrell, Miya Horcher. | |
| 500 | _aOriginally released as a motion picture in 2020. | ||
| 500 | _aWide screen. | ||
| 508 | _aMusic by Benjamin Stanton ; director of photography, Richard Galli. | ||
| 520 | _aTired of being bullied, Cassandra Evans prays that her nemesis, Katie Sharp, the queen bee of social media, would know what it's like to walk a day in her shoes. Her prayer is answered in an unexpected way when they get swapped. | ||
| 521 | 8 | _aMPAA rating: Not rated. "All ages Dove approved"--Container. | |
| 650 | 0 |
_aBody swapping _vDrama. _95785048 |
|
| 650 | 0 |
_aTeenage girls _vDrama. _95689229 |
|
| 650 | 0 |
_aBullies _vDrama. _95760939 |
|
| 650 | 7 |
_aBody swapping. _2fast _0(OCoLC)fst02003539 _96379453 |
|
| 650 | 7 |
_aBullies. _2fast _0(OCoLC)fst01902641 _96379454 |
|
| 650 | 7 |
_aTeenage girls. _2fast _0(OCoLC)fst01145412 _96379455 |
|
| 655 | 7 |
_aDrama. _2fast _0(OCoLC)fst01423879 _96379456 |
|
| 655 | 7 |
_aFeature films. _2fast _0(OCoLC)fst01710384 _96379457 |
|
| 655 | 7 |
_aComedy films. _2lcgft _96379458 |
|
| 655 | 7 |
_aFeature films. _2lcgft _96379457 |
|
| 655 | 7 |
_aFiction films. _2lcgft _96379459 |
|
| 655 | 7 |
_aVideo recordings for the hearing impaired. _2lcgft _96379460 |
|
| 700 | 1 |
_aGraham, John K. D., _efilm director, _efilm producer, _escreenwriter. _96379461 |
|
| 700 | 1 |
_aPolnaszek, Andrea, _efilm producer, _escreenwriter. _96379462 |
|
| 700 | 1 |
_aBoylan, Alexandra, _efilm producer, _escreenwriter. _96252911 |
|
| 700 | 1 |
_aRichards, Denise, _d1971- _eactor. _95984140 |
|
| 700 | 1 |
_aSchneider, John, _d1960- _eactor. _936931 |
|
| 700 | 1 |
_aByrne, Madeleine, _eactor. _96379463 |
|
| 700 | 1 |
_aMerrell, Vanessa, _eactor. _96379464 |
|
| 710 | 2 |
_aVertical Entertainment (Firm), _epresenter. _95763700 |
|
| 710 | 2 |
_aVertical Entertainment (Firm), _epublisher. _95763700 |
|
| 994 |
_aC0 _bUINTA |
||
| 999 |
_c354568 _d354568 |
||